| 000 | 01041nam a2200289Ia 4500 | ||
|---|---|---|---|
| 001 | H4466 | ||
| 003 | IT-RoPAU | ||
| 008 | 130308s9999 xx 000 0 und d | ||
| 040 | _aIT-RoPAU | ||
| 040 | _cIT-RoPAU | ||
| 041 | _aITALIANO | ||
| 100 | _aMorgana Silvia | ||
| 100 | _gCodice Aut. SPICS: 57664 | ||
| 245 | _aLingua del fumetto (La) | ||
| 245 | _bLingua Italiana e I Mass Media (La) | ||
| 250 | _a1a ed. | ||
| 260 | _aROMA | ||
| 260 | _bCarocci | ||
| 260 | _c2003 [1° Ed.:2003 - Ed.Ling.Originale:2003] | ||
| 300 | _a"34 p. (prefazione: no ; testo: 34 [pagine: 165-198])" | ||
| 500 | _a"Linguaggio e Lingua del Fumetto. Grammatica del Fumetto. Nascita ed Evoluzione del Medium. Lingua del Fumetto tra Convenzione e Invenzione: simulazione del Parlato e Testualita'; Morfosintassi e Sintassi; Lessico; grafia e Interpunzione. Testi: Paperinik; Zagor; Dylan Dog. Riferimenti Bibliografici." | ||
| 650 | _aSAGGI DI LINGUISTICA | ||
| 650 | _eCodice materia Spics: 3207 | ||
| 942 | _cBK | ||
| 957 | _71 | ||
| 999 |
_c78013 _d78013 |
||
| 999 | _g1 | ||